Glamour Magazines Sexiest Men 2012 - Statistics

General Stats
  • This quiz has been taken 829 times
  • The average score is 29 of 100
Answer Stats
Hint Answer % Correct
1 / Twilight Robert Pattinson
85%
19 / Thor Chris Hemsworth
77%
6 / Iron Man Robert Downey Jr
75%
86 / Titanic Leonardo DiCaprio
70%
61 / Se7en Brad Pitt
69%
28 / Magic Mike Channing Tatum
65%
73 / The Hunger Games Liam Hemsworth
64%
7 / Twilight Taylor Lautner
64%
92 / Men in Black Will Smith
64%
5 / Sherlock Benedict Cumberbatch
61%
18 / the dark knight Christian Bale
60%
21 / One Direction Harry Styles
60%
51 / X men Hugh Jackman
57%
3 / Dark Shadows Johnny Depp
57%
42 / Doctor Who Matt Smith
57%
87 / Skyfall Daniel Craig
54%
93 / Oceans 12 George Clooney
53%
60 / Maroon 5 Adam Levine
51%
33 / Jonas Joe Jonas
50%
30 / High School Musical Zac Efron
50%
41 / The Kings Speech Colin Firth
49%
17 / Crazy Stupid Love Ryan Gosling
49%
53 / The Hangover Bradley Cooper
48%
50 / The Green Lantern Ryan Reynolds
48%
27 / One Direction Zayn Malik
43%
15 / True Blood Joe Manganiello
42%
2 / Thor Tom Hiddleston
42%
59 / Lord Of The Rings Orlando Bloom
41%
67 / Jonas Nick Jonas
40%
56 / The Amazing Spider-Man Andrew Garfield
38%
100/ Two and a half men Ashton Kutcher
38%
46 / Footballer David Beckham
38%
39 / Ex- Doctor Who David Tennant
37%
43 / 300 Gerard Butler
34%
77 / One Direction Liam Payne
34%
34 / One Direction Niall Horan
34%
26 / 30 Seconds to mars Jared Leto
33%
65 / Star Trek Chris Pine
32%
48 / One Direction Louis Tomlinson
32%
70 / Royalty Prince Harry
32%
38 / The Wanted Max George
31%
9 / X Men First Class James McAvoy
30%
4 / X Men First Class Michael Fassbender
30%
75 / 127 Hours James Franco
29%
47 / In Time Justin Timberlake
29%
12 / The Vampire Diaries Ian Somerholder
27%
22 / Supernatural Jensen Ackles
26%
10 / Superman Henry Cavill
25%
69 / The Hunger Games Josh Hutcherson
25%
11 / Glee Cory Monteith
24%
82 / The Day After Tomorrow Jake Gyllenhaal
24%
76 / Transformers Josh Duhamel
23%
89 / Dawsons Creek Joshua Jackson
23%
99/ Magic Mike Matthew McConnaughey
23%
95/ Get him to the greek Russell Brand
23%
20 / The Dark knight rises Tom Hardy
23%
66 / Take That Gary Barlow
22%
14 / True Blood Alexander Skarsgard
21%
31 / The Avengers Jeremy Renner
21%
85 / Olympic Diver Tom Daley
21%
13 / Gossip Girl Ed Westwick
20%
57 / Supernatural Jared Padalecki
20%
62 / Gossip Girl Chace Crawford
19%
49 / Singer Justin Bieber
18%
72 / Kick Ass Aaron Taylor-Johnson
17%
8 / The Vampire Diaries Paul Wesley
17%
29 / I am Number 4 Alex Pettyfer
16%
68 / Total Recall Colin Farrell
16%
88/ The Dark Knight Rises Joseph Gordon-Levitt
16%
36 / Harry Potter Tom Felton
16%
54 / Twilight Kellan Lutz
14%
79 / Avatar Sam Worthington
13%
96/ JLS Aston Merrygold
11%
90/ Olympic Swimmer Ryan Lochte
11%
16 / The Script Danny O’Donoghue
10%
25 / Glee Darren Criss
10%
40 / My Week With Marolyn Eddie Redmayne
10%
64 / JLS Marvin Humes
9%
94/ Glee Mark Salling
8%
78 / In Time Matt Bomer
8%
37 / The Hobbit Richard Armitage
8%
35 / True Blood Stephen Moyer
8%
52 Kings Of Leon Caleb Followill
7%
63 / Kings Of Leon Jared Followill
6%
23 / UK Singer Olly Murs
6%
24 / The Wanted Tom Parker
6%
55 / Downton Abbey Dan Stevens
5%
44 / LOL Douglas Booth
5%
58 / The Wanted Jay Mcguiness
5%
84 / Red Riding Hood Max Irons
5%
91 / Model David Gandy
4%
83 / The Vampire Diaries Joseph Morgan
4%
32 / The Wanted Siva Kaneswaran
3%
98 / Eragon Garrett Hedlund
2%
71 / Red Riding Hood Shiloh Fernandez
2%
80 / Glee Chris Colfer
1%
97 /True Blood Chris Meloni
1%
81 / UK Singer Conor maynard
1%
45 / New Moon Jamie Campbell Bower
1%
74 / Singer Mika
1%
No matching quizzes found
Score Distribution
Percent of People with Each Score
Percentile by Number Answered
Your Score History
You have not taken this quiz